| 000 | 00649cam a2200229 4500500 | ||
|---|---|---|---|
| 005 | 20260329003737.0 | ||
| 041 | _afre | ||
| 042 | _adc | ||
| 100 | 1 | 0 |
_aBarton, Adrien _eauthor |
| 700 | 1 | 0 |
_aBarton, Adrien _eauthor |
| 245 | 0 | 0 | _aTrois sirènes aux yeux verts |
| 260 | _c2016. | ||
| 500 | _a36 | ||
| 690 | _aAdrien Barton | ||
| 690 | _aLogique | ||
| 690 | _aParadoxe | ||
| 690 | _aPerception | ||
| 690 | _aSirène | ||
| 690 | _aVert | ||
| 786 | 0 | _nPhilosophie magazine | 104 | 11 | 2016-11-01 | p. 69-69 | 1951-1787 | |
| 856 | 4 | 1 | _uhttps://shs.cairn.info/magazine-philosophie-magazine-2016-11-page-69?lang=fr&redirect-ssocas=7080 |
| 999 |
_c1827278 _d1827278 |
||